000 01866nam0a2200397 4500
001 RU\NLR\bibl\1765286
005 20250616125400.0
010 _a978-5-905107-04-7
_91500
021 _aRU
_b2011-713и
_9108и
035 _a(NLR Aleph) 001756086
090 _a1549088
_c1549088
100 _a20110323d2011 |||y0rusy50 ca
101 0 _arus
_aeng
102 _aRU
105 _aa |||||||||
200 1 _aЗимний Петербург
_dWintry St. Petersburg
_e[фотоальбом]
_fВладимир Антощенков
_g[авт. вступ. ст.: М.Н. Микишатьев]
_zeng
210 _aСанкт-Петербург
_cНевский ракурс
_d2011
215 _a131 с.
_cил.
_d20
300 _aАвт. также на англ. яз.: Vladimir Antoshenkov
300 _aВ предисл. авт.: В.С. Антощенков, фотохудож.
300 _aТекст парал. на рус. и англ. яз.
510 1 _6z17790
_aWintry St. Petersburg
_zeng
600 1 _aАнтощенков
_bВ.С.
_f1933
_gВладимир Семенович
_jФотоальбомы
_92305125
_3RU\NLR\auth\661379885
607 _aСанкт-Петербург, город
_jФотоальбомы
_xв фотографии художественной
_z20 - 21 вв.
_92622963
_3RU\NLR\auth\661559523
686 _aЩ163(2Р=Рус)7-8Антощенков я61
686 _aЩ163(2Р=Рус)7-3я61
700 1 _4070
_7ca
_8rus
_aАнтощенков
_bВ. С.
_f1933-
_gВладимир Семенович
_9235885
_3RU\NLR\AUTH\770235941
790 1 _4070
_7ba
_8rus
_aAntoščenkov
_bV. S.
_f1933-
_gVladimir Semenovič
_9235887
_3RU\NLR\AUTH\770235943
801 0 _aRU
_bNLR
_c20110323
_gRCR
801 1 _aRU
_bNLR
_c20110323
830 _aавт. по кн.
942 _cBOOK
980 _aNB
980 _aNBR